UEFA Team of the Year 2019 - Statistics

General Stats
  • This quiz has been taken 101 times
  • The average score is 11 of 11
Answer Stats
Position Nationality Club Answer % Correct
LM Senegal Liverpool Sadio Mané
100%
GK Brazil Liverpool Alisson
99%
ST Portugal Juventus Cristiano Ronaldo
99%
CM Belgium Manchester City Kevin De Bruyne
99%
RM Argentina Barcelona Lionel Messi
99%
ST Poland Bayern Munich Robert Lewandowski
99%
CB Netherlands Liverpool Virgil van Dijk
99%
LB Scotland Liverpool Andrew Robertson
95%
CM Netherlands Ajax / Barcelona Frenkie de Jong
94%
RB England Liverpool Trent Alexander-Arnold
94%
CB Netherlands Ajax / Juventus Matthijs de Ligt
88%
No matching quizzes found
Score Distribution
Percent of People with Each Score
Percentile by Number Answered
Your Score History
You have not taken this quiz